Statistiken für Die größten Unternehmen in Deutschland

Klicken Sie hier um das Quiz zu spielen!

Allgemein

  • Dieses Quiz wurde 647 mal gespielt
  • Das Durchschnittsergebnis liegt bei 12 aus 50

Antwortstatistiken

HauptsitzUnternehmen% Korrekt
WolfsburgVolkswagen AG
95%
MünchenBMW
91%
LeverkusenBayer AG
76%
StuttgartDaimler AG
71%
StuttgartPorsche
60%
Herzogenaurachadidas
56%
MünchenAllianz SE
56%
MünchenSiemens AG
56%
BonnDeutsche Telekom
55%
WalldorfSAP
55%
Frankfurt am MainDeutsche Bank
54%
Ludwigshafen am RheinBASF
53%
BonnDeutsche Post AG
47%
Frankfurt am MainCommerzbank
43%
Essen, DuisburgThyssenKrupp
43%
KölnDeutsche Lufthansa
35%
EssenRWE
26%
EssenE.ON
23%
HannoverContinental AG
19%
DüsseldorfHenkel Group
18%
DarmstadtMerck KGaA
18%
Bad Homburg vor der HöheFresenius SE & Co. KGaA
15%
UnterföhringProSiebenSat.1 Media
15%
HannoverTUI
13%
BochumVonovia
13%
Frankfurt am MainDeutsche Börse
12%
HeidelbergHeidelbergCement
12%
EssenEvonik Industries
11%
DüsseldorfMetro AG
11%
HamburgBeiersdorf AG
10%
KarlsruheEnBW
9%
MünchenLinde AG
9%
NeubibergInfineon
8%
BerlinDeutsche Wohnen
7%
MünchenMunich Re
7%
LeverkusenLanxess
6%
HerzogenaurachSchaeffler-Gruppe
4%
LippstadtHella KG Hueck
3%
NürnbergNürnberger Versicherung
3%
DüsseldorfUniper
3%
Mülheim an der RuhrBrenntag
2%
WiesbadenAareal Bank
1%
MünchenBayWa
1%
WiesbadenKion Group
1%
HannoverTalanx
1%
StuttgartWüstenrot & Württembergische
1%
LuxemburgAroundtown SA
0%
UnterschleißheimDeutsche Pfandbriefbank
0%
Frankfurt am MainDVB Bank
0%
BochumGEA Group
0%

Verteilung der Resultate

Perzentil nach korrekt beantworteten Fragen

Anzahl Personen mit jedem Resultat

Ihre Resultats-Entwicklung

Sie haben dieses Quiz noch nicht gespielt